Statistiques concernant Personnalités dans les noms de stations du métro parisien

Cliquez ici pour prendre le quiz!

Statistiques générales

  • Ce quiz a été pris 163 fois
  • Le résultat moyen est 27 sur 37

Statistiques - réponses

IndicesLignesPersonnalités% Correct
Militaire, chef de la France Libre durant la Seconde Guerre Mondiale, puis président du gouvernement provisoire de la Libération, instigateur de la 5ème République et 1er président de cette dernière. Charles de Gaulle
99%
Couple de chercheurs, ils reçoivent en 1903 le prix Nobel de physique pour leurs travaux sur la radioactivité.Pierre et Marie Curie
99%
Écrivain romantique, à la fois poète, romancier, dramaturge et essayiste, il s'est également beaucoup investi en politique. Il est l'un des auteurs français les plus célèbres et son œuvre inclus Les Misérables, Hernani ou Les Contemplations.Victor Hugo
99%
Institutrice, militante anarchiste et figure majeure de la Commune de Paris.Louise Michel
97%
Écrivain, chef de file du naturalisme, auteur de Germinal, Nana, Au Bonheur des Dames ou de la tribune J'accuse... ! lors de l'affaire Dreyfus.
Émile Zola
96%
Chimiste jurassien, il est un pionnier de la microbiologie et l'inventeur du vaccin contre la rage. Louis Pasteur
96%
Peintre et sculpteur espagnol, il a vécu la majorité de sa vie en France. Il est figure de proue du cubisme et du surréalisme. Son tableau le plus célèbre est Guernica, peint en 1937.
Pablo Picasso
96%
Écrivain et philosophe des Lumières, auteur des Lettres Philosophiques, de Zadig ou de CandideVoltaire
95%
Homme politique de gauche, premier secrétaire du parti socialiste puis Président de la République de 1981 à 1995.
François Mitterrand
93%
Artiste majeur de la Renaissance italienne, il est à la fois sculpteur, peintre, architecte et poète. Ses œuvres les plus célèbres sont une sculpture monumentale de David et la fresque couvrant le plafond de la chapelle Sixtine, au Vatican. Michel-Ange
92%
Prêtre jésuite, confesseur de Louis XIV, il a donné son nom au plus célèbre cimetière de Paris. Père Lachaise
87%
Auteur, connu notamment pour Les 3 Mousquetaires et Le Comte de Monte-Cristo.
Alexandre Dumas
86%
Président américain de 1933 à 1945, il met en place le New Deal après la Grande Dépression de 1929, puis fait entrer les États-Unis en guerre à la suite de l'attaque de Pearl Harbor en 1941. Franklin D. Roosevelt
84%
Médecin de formation et député à la fin du 19ème siècle, il est nommé ministre de l'intérieur en 1906 et se considère "premier flic de France". Celui qu'on surnomme "le Tigre" sera ensuite nommé président du conseil en 1917, et célébré après la guerre pour son engagement. Georges Clemenceau
80%
Homme politique de gauche, il participe à la fondation du SFIO en 1905. Pacifiste, il tentera par tous les moyens d'empêcher le 1ère Guerre Mondiale, jusqu'à son assassinat le 31 juillet 1914.
Jean Jaurès
80%
Avocat de formation, il est l'une des figures les plus importantes de la révolution. Démocrate convaincu, son intransigeance lui vaut le surnom d'"Incorruptible", et sa radicalité l’amènera à mettre en place le régime de la Terreur. Il meurt guillotiné en 1794.Maximilien de Robespierre
80%
Écrivain et philosophe du 18ème siècle, il supervise avec d'Alembert l'édition de l'Encyclopédie. Denis Diderot
79%
Chanteuse parisienne, grande parolière, ayant interpreté L'Aigle Noir ou Dis, Quand reviendras-tu ?
Barbara
77%
Duo de frères, écrivains, historiens et journalistes, ayant fondé par testament une académie portant leur nom qui décerne tous les ans un prix littéraire prestigieux.Jules et Edmond de Goncourt
77%
Héros français de la révolution américaine, de nombreuses villes aux États-Unis portent son nom. Il a également participé à la Révolution Française. Il est à ce titre surnommé le "Héros des deux Mondes". Marquis de Lafayette
77%
Ingénieur et industriel français, pionnier de l'automobile mondiale. Sa marque est célèbre pour des innovations technologiques telles que la traction.André Citroën
71%
Homme d'église, cardinal et premier ministre de Louis XIII de 1624 à 1642. Richelieu
71%
Général et homme d'état vénézuélien, il a contribué à l'indépendance de nombreux pays d'Amérique Latine, dont un qui porte son nom.
Simon Bolivar
66%
Pharmacien et agronome, il est connu pour avoir fait la promotion de la pomme de terre dans l'alimentation humaine en France.Antoine Parmentier
63%
Écrivain et homme politique originaire de la Martinique, il est un des membres fondateurs du mouvement littéraire de la négritude durant l'entre-deux-guerres, puis est élu député et maire de Fort de France durant la seconde moitié du 20e siècle.
Aimé Césaire
59%
Roi-empereur de l'Empire Britannique de 1910 à 1936.George V
55%
Ingénieur de l'École Polytechnique et des Ponts et Chaussées, il supervise la construction du réseau du Métropolitain de Paris au début du 20ème siècle. Fulgence Bienvenüe
54%
Général et homme politique italien, il est connu comme un des pères de la patrie italienne, pour son rôle important dans l'unification du pays dans la seconde moitié du 19ème siècle.Giuseppe Garibaldi
54%
Avocat et député, il est celui qui proclame le retour à la République après la défaite de la France en 1870. Il est ensuite élu président de la chambre des députés puis président du Conseil, avant de mourir en 1882, à l'âge de 44 ans. Léon Gambetta
54%
Président de la république durant l'affaire Dreyfus, mort en exercice à l'Elysée, probablement d'un AVC, et non lors d'ébats amoureux comme l'affime la légende.Felix Faure
52%
Romancier, cofondateur de l'Oulipo, auteur d'Exercices de style et de Zazie dans le métro
Raymond Queneau
50%
Résistante communiste, professeure de géographie et militante pour la paix.
Lucie Aubrac
48%
Roi de France de 1180 à 1223, il développe considérablement le domaine royal et son pouvoir sur le pays. L'enceinte qu'il a érigé autour de Paris a gardé son nom.Philippe Auguste
46%
Poète, romancier et journaliste, il est une des figures majeures des mouvements dada et surréaliste. Son couple avec Elsa Triolet est central dans son œuvre. Nombre de ses poèmes ont été repris en chansons dans la seconde moitié du 20ème siècle.Louis Aragon
44%
Général français, fidèle de Napoléon, il commande le dernier carré de la garde impériale lors de la bataille de Waterloo. Selon la légende, il aurait dit "La garde meure mais ne se rend pas", suivi, face à l'évidence de la défaite, du mot qui porte son nom dans la culture populaire.
Pierre Cambronne
44%
Figure majeure de la Révolution, surnommé "l'Orateur du peuple", il représente le Tiers-État aux États-Généraux, malgré ses origines nobles.Mirabeau
34%
Fondateur du premier grand magasin de l'histoire, Au Bon Marché, concept rapidement et massivement reproduit et qui a inspiré un roman à la 5ème réponse de ce quiz.
Aristide Boucicaut
26%

Distribution des résultats

Percentile par nombre de réponses

% des personnes avec chaque résultat

Votre développement - résultats

Vous n’avez pas pris ce quiz